000 00256nam a2200109Ia 4500
008 190911s9999||||xx |||||||||||||| ||und||
100 _aGeorge Chrysside
245 0 _aEssentials Business Ethics
260 _aUSA
_bPearson
_c1996
300 _a201
942 _cBK
999 _c7002
_d7002